Situación actual del federalismo (Registro nro. 5732)
[ vista simple ]
| 000 -LEADER | |
|---|---|
| fixed length control field | 00983 a2200193 4500 |
| 001 - CONTROL NUMBER | |
| control field | 54707 |
| 005 - DATE AND TIME OF LATEST TRANSACTION | |
| control field | 20260407155822.0 |
| 008 - FIXED-LENGTH DATA ELEMENTS--GENERAL INFORMATION | |
| fixed length control field | 260407a1964 arg spa d |
| 003 - CONTROL NUMBER IDENTIFIER | |
| control field | AR-UNSa-BCEJYS |
| 040 ## - CATALOGING SOURCE | |
| Original cataloging agency | AR-UNSa-BCEJYS |
| Language of cataloging | spa |
| Transcribing agency | AR-UNSa-BCEJYS |
| 080 ## - UNIVERSAL DECIMAL CLASSIFICATION NUMBER | |
| Universal Decimal Classification number | 323.17 |
| Common auxiliary subdivision | Autonomía y autodeterminación de las nacionalidades (Federalismo...) |
| 100 1# - MAIN ENTRY--PERSONAL NAME | |
| Personal name | Vanossi, Jorge Reinaldo A. |
| 245 10 - TITLE STATEMENT | |
| Title | Situación actual del federalismo |
| Name of part/section of a work | aspectos institucionales,; en particular sobre la realidad Argentina |
| 264 #1 - PRODUCTION, PUBLICATION, DISTRIBUTION, MANUFACTURE, AND COPYRIGHT NOTICE | |
| Place of production, publication, distribution, manufacture | Buenos Aires : |
| Name of producer, publisher, distributor, manufacturer | Depalma |
| Date of production, publication, distribution, manufacture, or copyright notice | 1964 |
| 300 ## - PHYSICAL DESCRIPTION | |
| Extent | 82 p. |
| Dimensions | 23,5 cm. |
| 505 ## - FORMATTED CONTENTS NOTE | |
| Formatted contents note | I. Introducción - II. Algunas reflexiones previas - III. Federalismo: constitución y legislación - IV. Federalismo y partidos políticos nacionales - V. Federalismo y Poder Ejecutivo - VI. Federalismo y Poder Judicial - VII. Federalismo y recursos financieros - VIII. Federalismo y energía - IX. Federalismo y poder de policía |
| 590 ## - LOCAL NOTE (RLIN) | |
| Local note | niveau_biblio:m niveau_hierar:0 |
| 942 ## - ADDED ENTRY ELEMENTS (KOHA) | |
| Koha item type | |
| Withdrawn status | Lost status | Damaged status | Not for loan | Home library | Current library | Shelving location | Date acquired | Total checkouts | Full call number | Barcode | Date last seen | Price effective from | Koha item type |
|---|---|---|---|---|---|---|---|---|---|---|---|---|---|
| Biblioteca Prof. Eusebio Cleto del Rey | Biblioteca Prof. Eusebio Cleto del Rey | 07/04/2026 | 323.17 V272 | L58771 | 07/04/2026 | 07/04/2026 | Libro |